000 01869 a2200265 4500
001 34773
005 20260407155633.0
008 260407a2001 arg spa d
003 AR-UNSa-BCEJYS
040 _aAR-UNSa-BCEJYS
_bspa
_cAR-UNSa-BCEJYS
080 _a658.15
_xAdministración financiera privada. Gestión financiera de empresas
245 1 0 _aAdministración financiera
_pteoría y práctica
020 _a958-699-024-9
250 _a2a. ed
264 1 _aBuenos Aires :
_bPearson Educación
_c2001
300 _a570 p.
_c26 cm.
505 _aParte I.: El mundo de las finanzas: 1. Las finanzas y las empresas - 2. Los mercados finaniceros y las tasas de interés - 3. Instituciones financieras - Parte II.: 4. Repaso de contabilidad - 5. Análisis de los estados financieros - 6. Pronósticos para la planeación financiera - 7. Riesgo y retorno - 8. El valor del dinero en el tiempo - 9. Valoración de bonos y acciones - Parte III.: Financiación a largo plazo : 10. Métodos para la toma de decisiones sobre prespuestación de capital - 11. Estimación de los fljos de efectivo incrementales - 12. El costo de capital - 13. Fundamentos de la estructura de capital - 14. Bonos corporativos, acciones preferenciales y leasing - 15. Acciones ordinarias - 16. Política de dividendos - Parte IV.: Financiación a corto plazo : 17. Política del capital de trabajo - 18. Administración del efectivo - 19. Cuentas por cobrar e inventarios - 20. Financiación a corto plazo - Parte V.: Las finanzas en una economía global: 21. Finanzas internacionales.
942 _cBK
590 _aniveau_biblio:m niveau_hierar:0
100 1 _aGallagher, Timothy J.
700 1 _aAndrew, Joseph D., Jr.
700 1 _aCano, Leonardo
700 1 _aRomero, Antonio
856 4 1 _uhttps://biblioeco.unsa.edu.ar/pmb/images/libros/L87120.jpg
_yImagen de portada
_qimage/jpeg
999 _c2492
_d2492